| 000 | 00875nam a2200241 a 4500 | ||
|---|---|---|---|
| 003 | OSt | ||
| 005 | 20150325213002.0 | ||
| 008 | 020226q1968 arg 000 0 spa d | ||
| 040 | _cBMC | ||
| 082 | _a973.9170922 | ||
| 082 | _a973.917 | ||
| 100 | 1 | _aSchlesinger, Arthur M. | |
| 245 | 1 | 3 |
_aLa Era de Roosevelt _b: la llegada del nuevo trato _cArthur M. Schlesinger ; traducción al español por José Meza Nieto |
| 250 | _a1ª ed. en español | ||
| 260 |
_aMéxico D.F. [etc.] _bUnión Tipográfica Editorial Hispano Americana _ccop. 1968 |
||
| 300 |
_aXII, 639 p. _c23 cm |
||
| 490 | 0 | _aBiblioteca Uteha de Historia | |
| 546 | _aTraducción de: The coming of the new deal | ||
| 600 | 2 | 4 |
_928549 _aRoosevelt, Franklin D. _d1882-1945 _vCorrespondencia |
| 651 | 2 | 4 |
_93486 _aEstados Unidos _xHistoria _y1933-1945 |
| 700 | 1 | _aMeza Nieto, José. | |
| 942 |
_2ddc _cBK _hahoj |
||
| 999 |
_c16167 _d16167 |
||